Penghayatan wawasan pembangunan negara

Bibliographic Details
Main Author: Nik Azis Nik Pa
Format: Book
Published: Kuala Lumpur : DBP , 1994
Subjects:

MARC

LEADER 00000cam a2200000 7i4500
001 0000006859
002 000007391
005 20000330.0
020 |a 9836239138 
090 0 0 |a 303.49595   |b NIK 
100 0 |a Nik Azis Nik Pa 
245 1 0 |a Penghayatan wawasan pembangunan negara   |c Nik Azis Nik Pa 
260 |a Kuala Lumpur :   |b DBP ,   |c 1994 
300 |a 427p. ;   |c 22cm. 
650 0 0 |a Wawasan 2020 
651 0 |a Malaysia   |x Economic conditions 
651 0 |a Malaysia   |x Forecasting 
999 |a 051943   |b BUKU   |c PINJAMAN   |e PERPUSTAKAAN KOMUNITI PETALING JAYA 
999 |a 051944   |b BUKU   |c PINJAMAN   |e PERPUSTAKAAN KOMUNITI PETALING JAYA 
999 |a 051945   |b BUKU   |c PINJAMAN   |e PERPUSTAKAAN KOMUNITI PETALING JAYA